Drowning - Radio Company - All Lyrics - Statistics

General Stats
  • This quiz has been taken 12 times
  • The average score is 132 of 144
Answer Stats
Answer % Correct
A
100%
a
100%
All
100%
all
100%
and
100%
day
100%
drowning
100%
drowning)
100%
For
100%
from
100%
Hold
100%
it
100%
keep
100%
know
100%
night
100%
of
100%
Oh,
100%
(Ooh)
100%
our
100%
the
100%
to
100%
(To
100%
To
100%
we
100%
Yeah
100%
Because
75%
become
75%
can’t
75%
Cradle
75%
desire
75%
Make
75%
make
75%
sum
75%
through
75%
victim
75%
way
75%
carnival
50%
causes
50%
Crazy
50%
delight
50%
fall
50%
into
50%
light
50%
pray
50%
shown
50%
survival
50%
we've
50%
No matching quizzes found
Score Distribution
Percent of People with Each Score
Percentile by Number Answered
Your Score History
You have not taken this quiz